000
00298 a2200133 4500
000
nam a22 7a 4500
100
_a
Deepak, Prasad
110
_a
Deepak, Prasad
245
_a
Public Administration and Society
250
_a
latest edition
260
_c
2025
264
_c
2025
942
_c
BK
999
_c
394494
_d
394494